000 02096nam0a2200397 4500
001 RU\NLR\bibl\178130
005 20250618062208.0
010 _a5-221-00171-3
_91500
021 _aRU
_b2001-23466
_91113
035 _a(NLR Aleph) 000174818
090 _a1008217
_c1008217
100 _a20010803d2000 |||y0rusy50 ca
101 0 _arus
102 _aRU
105 _ay |||||||||
200 1 _aОсновы антинаркотического воспитания
_e(Спецкурс для студентов педвузов)
_fГринченко Н. А.
_gДеп. образования и науки Администрации Липец. обл.
205 _a2-е изд., испр. и доп.
210 _aЛипецк
_cЛипец. изд-во
_d2000
215 _a223 с.
_d21
320 _aБиблиогр. в конце тем
606 0 _aНаркомания у подростков
_jРуководства, пособия и т.п.
_xПрофилактика
_xСанитарно-просветительная работа
_92218490
_3RU\NLR\auth\661332271
606 0 _aНаркомания подростков
_jУчебные издания для высшей школы
_xПрофилактика
_xСанитарно-просветительная работа
_92218486
_3RU\NLR\auth\661332268
606 0 _aНаркомания у подростков
_xПрофилактика
_91735775
_3RU\NLR\auth\66776237
606 0 _aНаркомания подростков
_xПрофилактика
_92115350
_3RU\NLR\auth\661277979
610 0 _aНаркомании в молодом возрасте - Профилактика и борьба - Санитарно-просветительная работа
675 _a37.015
_v3
_zrus
686 _a14
_2rugasnti
686 _a74.200.5
_2rubbk
686 _aР11(2)556.8я73
686 _aЧ421.354
700 1 _aГринченко
_gНаталья Александровна
_4070
801 0 _aRU
_bRKP
_c20010803
_gPSBO
801 1 _aRU
_bRKP
_c20010803
801 2 _aRU
_bNLR
_c20011005
_grcr
942 _cBOOK
980 _aNB